000 01267naa a22003017a 4500
001 BR8403869
003 BR-BrBNA
005 20240918175437.0
007 ta
008 230509b bl.||||| |||| 00| 0 por d
040 _aBR-BrBNA
_bpor
_cBiblioteca Nacional de Agricultura
041 _a(Pt)
072 _aF28
_b/G514
090 _aF28 BR8403869
100 1 _aCabeda, M.S.V.
111 1 _a1. Simposio de Manejo do Solo e Plantio Direto no Sul do Brasil; 3. Simposio de Conservacao de Solo do Planalto
_cPasso Fundo, RS (Brazil)
_d27-29 Sep 1983
245 1 _aDegradacao fisica e erosao do solo [Regiao Sul, Brasil]
260 3 _aPasso Fundo, RS (Brasil):
_c1984.
500 _aAnais do 1. Simposio de Manejo do Solo e Plantio Direto no Sul do Brasil e 3. Simposio de Conservacao de Solo do Planalto Passo Fundo, RS (Brasil): 1984. p. 28-33 (BR8403869-AM)F28
650 _aSOLO
650 _aLATOSSOLO
650 _aDETERIORACAO DO SOLO
650 _aEROSAO DO SOLO
650 _aREGIAO SUL
773 0 _tAnais do 1. Simposio de Manejo do Solo e Plantio Direto no Sul do Brasil e 3. Simposio de Conservacao de Solo do Planalto
_wF28 BR8403869
_gPasso Fundo, RS (Brasil), 1984. p. 28-33
909 _a202404
_bLucia
_c55
_dLucia Elande
942 _cAM
_2AGRIS
999 _c316757
_d316757